000 00243 a2200085 4500
020 _a9781864704334
100 _aAdrian Smith and Gordon Gill
245 _aToward Zero Carbon: The Chicago Central Area Decarbonization Plan
260 _bImages
_c2011
999 _c13677
_d13677